Книга для учителя к учебнику английского языка для V класса школ с углубленным изучением английского языка, лицеев, гимназий, колледжей (Запись № 322412)

Подробности
000 -МАРКЕР
контрольное поле 02890nam0a2200457 4500
001 - ИДЕНТИФИКАТОР ЗАПИСИ
контрольное поле RU\NLR\bibl\364206
005 - ИДЕНТИФИКАТОР ВЕРСИИ
контрольное поле 20260409074237.0
010 ## - МЕЖДУНАРОДНЫЙ СТАНДАРТНЫЙ НОМЕР КНИГИ (ISBN)
Номер (ISBN) 5-09-010436-0
Тираж 10000
021 ## - НОМЕР ГОСУДАРСТВЕННОЙ РЕГИСТРАЦИИ
Код страны российская федерация
Номер 2002-57128
Номер Листа государственной регистраци 2775
035 ## - ДРУГИЕ СИСТЕМНЫЕ НОМЕРА
Идентификатор записи (NLR Aleph) 000358789
100 ## - ДАННЫЕ ОБЩЕЙ ОБРАБОТКИ
Данные общей обработки 20030128d2003 |||y0rusy50 ca
101 0# - ЯЗЫК РЕСУРСА
Язык текста, звукозаписи и т.д. русский
-- английский
102 ## - СТРАНА ПУБЛИКАЦИИ ИЛИ ПРОИЗВОДСТВА
Страна публикации российская федерация
105 ## - ПОЛЕ КОДИРОВАННЫХ ДАННЫХ: ТЕКСТОВЫЕ МАТЕРИАЛЫ, МОНОГРАФИЧЕСКИЕ
Кодированные данные о монографическом текстовом документе y |||||||||
200 1# - ЗАГЛАВИЕ И СВЕДЕНИЯ ОБ ОТВЕТСТВЕННОСТИ
Основное заглавие Книга для учителя к учебнику английского языка для V класса школ с углубленным изучением английского языка, лицеев, гимназий, колледжей
Первые сведения об ответственности И.Н. Верещагина, О.В. Афанасьева
205 ## - СВЕДЕНИЯ ОБ ИЗДАНИИ
Сведения об издании 5-е изд.
210 ## - ПУБЛИКАЦИЯ, РАСПРОСТРАНЕНИЕ И ДР.
Место издания, распространения и т.д. М.
Имя издателя, распространителя и т. д. Просвещение
Дата издания, распространения и т.д. 2003
215 ## - ФИЗИЧЕСКАЯ ХАРАКТЕРИСТИКА
Специфическое обозначение материала и объем 92, [2] с.
Размеры 22
300 ## - ОБЩИЕ ПРИМЕЧАНИЯ
Текст примечания На обл.: English : Teacher's book / I.N. Vereshchagina, O.V. Afanasyeva
320 ## - ПРИМЕЧАНИЯ О НАЛИЧИИ В ДОКУМЕНТЕ БИБЛИОГРАФИИ / УКАЗАТЕЛЯ
Текст примечания Библиогр. в подстроч. примеч.
512 1# - ЗАГЛАВИЕ ОБЛОЖКИ
Связь между полями z45790
Заглавие обложки English
Сведения, относящиеся к заглавию Teacher's book
604 ## - ИМЯ И ЗАГЛАВИЕ КАК ПРЕДМЕТ
Связываемые данные 700#1$aВерещагина$bИ. Н.$gИрина Николаевна$4070
-- 701#1$aАфанасьева$bО. В.$gОльга Васильевна$4070
-- 50010$aАнглийский язык : Учеб. англ. яз. для V кл. шк. с углубл. изучением англ. яз., лицеев, гимназий, колледжей$2psbo
Имя лица Верещагина, Ирина Николаевна
Заглавие Английский язык : Учеб. англ. яз. для V кл. шк. с углубл. изучением англ. яз., лицеев, гимназий, колледжей
606 0# - НАИМЕНОВАНИЕ ТЕМЫ КАК ПРЕДМЕТ
Наименование темы Английский язык
Тематический подзаголовок Методика преподавания
-- Средняя школа
Системный номер авторитетной/нормативной записи 970256
Идентификатор авторитетной/нормативной записи RU\NLR\auth\6644972
606 ## - НАИМЕНОВАНИЕ ТЕМЫ КАК ПРЕДМЕТ
Наименование темы Английский язык
Тематический подзаголовок Преподавание
-- Средняя школа
Идентификатор авторитетной/нормативной записи RU\NLR\auth\661291071
Системный номер авторитетной/нормативной записи 2142276
610 0# - НЕКОНТРОЛИРУЕМЫЕ ПРЕДМЕТНЫЕ ТЕРМИНЫ
Предметный термин Английский язык - Метод. пособия
675 ## - УНИВЕРСАЛЬНАЯ ДЕСЯТИЧНАЯ КЛАССИФИКАЦИЯ (UDC/УДК)
Индекс 372.881.111.1.046.14
Издание 3
Язык издания rus
686 ## - ИНДЕКСЫ ДРУГИХ КЛАССИФИКАЦИЙ
Индекс 14
Код системы
686 ## - ИНДЕКСЫ ДРУГИХ КЛАССИФИКАЦИЙ
Индекс 74.268.1Англ
Код системы
686 ## - ИНДЕКСЫ ДРУГИХ КЛАССИФИКАЦИЙ
Индекс Ч426.179Ан.2(2)-215
700 #1 - ИМЯ ЛИЦА - ПЕРВИЧНАЯ ОТВЕТСТВЕННОСТЬ
Код отношения Автор
Графика поля Кириллица
Материалы, к которым относится поле rus
Начальный элемент ввода Верещагина
Часть имени, кроме начального элемента ввода И. Н.
Дополнения к именам, кроме дат канд. пед. наук
Даты 1926-2011
Расширение инициалов личного имени Ирина Николаевна
Идентификатор авторитетной/нормативной записи RU\NLR\AUTH\776375
Системный номер авторитетной/нормативной записи 116329
701 #1 - ИМЯ ЛИЦА - АЛЬТЕРНАТИВНАЯ ОТВЕТСТВЕННОСТЬ
Код отношения Автор
Материалы, к которым относится поле rus
Графика поля Кириллица
Начальный элемент ввода Афанасьева
Часть имени, кроме начального элемента ввода О. В.
Дополнения к именам, кроме дат д-р филол. наук
Даты 1948-
Расширение инициалов личного имени Ольга Васильевна
Идентификатор авторитетной/нормативной записи RU\NLR\AUTH\777326
Системный номер авторитетной/нормативной записи 117263
790 #1 - ИМЯ ЛИЦА - АЛЬТЕРНАТИВНАЯ ФОРМА
Код отношения Автор
Материалы, к которым относится поле rus
Графика поля Латинская
Начальный элемент ввода Vereščagina
Часть имени, кроме начального элемента ввода I. N.
Дополнения к именам, кроме дат канд. пед. наук
Даты 1926-2011
Расширение инициалов личного имени Irina Nikolaevna
Идентификатор авторитетной/нормативной записи RU\NLR\AUTH\776376
Системный номер авторитетной/нормативной записи 116330
790 #1 - ИМЯ ЛИЦА - АЛЬТЕРНАТИВНАЯ ФОРМА
Код отношения Автор
Материалы, к которым относится поле rus
Графика поля Латинская
Начальный элемент ввода Afanas'eva
Часть имени, кроме начального элемента ввода O. V.
Дополнения к именам, кроме дат д-р филол. наук
Даты 1948-
Расширение инициалов личного имени Ol'ga Vasil'evna
Идентификатор авторитетной/нормативной записи RU\NLR\auth\777327
Системный номер авторитетной/нормативной записи 117264
801 #0 - ИСТОЧНИК ЗАПИСИ
Страна российская федерация
Организация RKP
Дата составления 20010330
Правила каталогизации PSBO
801 #1 - ИСТОЧНИК ЗАПИСИ
Страна российская федерация
Организация RKP
Дата составления 20010330
801 #2 - ИСТОЧНИК ЗАПИСИ
Страна российская федерация
Организация NLR
Дата составления 20070510
Правила каталогизации rcr
942 ## - ДОПОЛНИТЕЛЬНЫЕ ЭЛЕМЕНТЫ ЗАПИСИ (АБИС)
Тип экземпляра АБИС Книга
980 ## - КОЛЛЕКЦИЯ
Название коллекции Национальная библиография
Экземпляры
Тип экземпляра Дата поступления Источник поступления Библиотека постоянного хранения Библиотека текущего хранения Место хранения Шифр хранения Штрих-код Статус не для выдачи
Книга 07.02.2003 Обязательный экземпляр РНБ (Московский) РНБ (Московский) Русский книжный фонд: издания с 1957 года, 3этаж 2003-6/236 417049  
Книга 07.02.2003 Обязательный экземпляр РНБ (Московский) РНБ (Московский) Русский книжный фонд: издания с 1957 года, 3этаж 2003-6/236 417050